000 00475nam a2200133Ia 4500
003 GCL
008 140319s9999 xx 000 0 ara d
040 _aGCL /
_cGCL
082 0 4 _a949.5
_bم س
245 1 0 _aالسياسة الشرقية للامبراطورية البيزنطية فى القرن السادس الميلادى (بمصر جوستنيان)
260 _a[S.N] :
_bالهيئة المصرية العامة للكتاب ،
_c1989
300 _a279 ص
490 _a
999 _c31571
_d31571